000 00648nam a22002057i 4500
999 _c23298
_d23298
003 AR-CdUCM
008 250527b20212021 pe||||| |||| 00| 0 spa d
020 _a978-612-48462-5-0
040 _aMUNICIPALIDAD PROVINCIAL DEL CUSCO
_cBIBLIOTECA MUNICIPAL DEL CUSCO
041 _hspa
082 _aEP / 807 / B95
_bB95
100 _aBustamante Quispe, Mario
_951181
245 _aMis amigos los vegetales :
_bOjotín y Goyo /
260 _aCusco :
_bAutor-Editor
_c2021
300 _a11 páginas. :
_bIlustraciones
_c30x20 cm.
505 _aLos vegetales
856 _fwww.ojotincomic.blogspot.com
942 _2ddc
_cLIBROS
945 _apbjr
_d27-05-2025